000 01236nam a2200157Ia 4500
005 20250719144651.0
008 250719s9999 xx 000 0 und d
020 _a9780786438372
082 _a940.2745
_bWIL
100 _aCunningham, Chet
245 4 _aThe French Assault on American Shipping, 1793-1813
260 _bMcFarland
_c2009
500 _aDuring the French Revolutionary and Napoleonic eras, France was plagued by war and crop failures and was desperately in need of supplies. Legally and illegally, French privateers and cruisers took cargo from merchant vessels of every nation, perhaps the United States more than any other. At least 6,479 U.S. claims involving more than 2,300 vessels were filed and these claims give a close approximation of American goods lost to the French. The three main sections of this reference book present a comprehensive accounting of the losses (arranged by ship), descriptions of court cases involving important questions of law, and the disposition of claims. Also included are a glossary, a list of geographical locations mentioned in the text, and an overview of relevant acts of Congress, proclamations, treaties, and foreign decrees.
650 _aTransportation
942 _cENGLISH
999 _c576629
_d576629